|
|
|
|
| LEADER |
00000cam a2200000 7i4500 |
| 001 |
0000071620 |
| 005 |
20170322.0 |
| 008 |
170321 |
| 020 |
|
|
|a 9789674306472 (set)
|
| 020 |
|
|
|a 9789674603489
|
| 090 |
0 |
0 |
|a JF CT
|b MAL
|
| 245 |
0 |
0 |
|a Rumpelstilskin
|
| 260 |
|
|
|a Kuala Lumpur :
|b Institut Terjemahan & Buku Malaysia Berhad ,
|c 2016
|
| 300 |
|
|
|a 31 p. ;
|c 28 cm.
|
| 490 |
1 |
|
|a Kisah olahan
|
| 500 |
|
|
|a Children ages 7-9 years old (orange)
|
| 500 |
|
|
|a Terjemahan daripada rumpelstilskin
|
| 541 |
0 |
0 |
|c Purchased on 2016
|
| 650 |
|
0 |
|a Children's stories,English
|x Translations into Malay
|
| 650 |
|
0 |
|a Fairy tales
|
| 650 |
|
0 |
|a Folk literature,English
|x Translations into Malay
|
| 700 |
0 |
|
|a Maisara Ainulsofia Abdul Rashid ,
|e penterjemah
|
| 999 |
|
|
|a 0001446427
|b Book
|c Children Collection
|e Cawangan Taman Sri Lambak
|
| 999 |
|
|
|a 0001446428
|b Book
|c Children Collection
|e Cawangan Muar
|
| 999 |
|
|
|a 0001446429
|b Book
|c Children Collection
|e Cawangan Tmn. Ungku Tun Aminah
|
| 999 |
|
|
|a 0001446430
|b Book
|c Children Collection
|e Cawangan Tangkak
|
| 999 |
|
|
|a 0001446431
|b Book
|c Children Collection
|e Cawangan Bandar Penawar
|
| 999 |
|
|
|a 0001446432
|b Book
|c Children Collection
|e Cawangan Segamat
|
| 999 |
|
|
|a 0001446433
|b Book
|c Children Collection
|e Cawangan Batu Pahat
|
| 999 |
|
|
|a 0001446434
|b Book
|c Teenagers
|e Cawangan Bandar Tenggara
|
| 999 |
|
|
|a 0001446435
|b Book
|c Children Collection
|e Cawangan Sri Merlong
|
| 999 |
|
|
|a 0001446436
|b Book
|c Children Collection
|e Cawangan Bukit Gambir
|
| 999 |
|
|
|a 0001446437
|b Book
|c Children Collection
|e Cawangan Kota Tinggi
|
| 999 |
|
|
|a 0001446438
|b Book
|c Children Collection
|e Cawangan Pontian
|
| 999 |
|
|
|a 0001446439
|b Book
|c Children Collection
|e Cawangan Mersing
|
| 999 |
|
|
|a 0001446440
|b Book
|c Children Collection
|e Cawangan Taman Universiti
|
| 999 |
|
|
|a 0001446441
|b Book
|c Children Collection
|e Cawangan Taman Universiti
|
| 999 |
|
|
|a 0001446442
|b Book
|c Children Collection
|e Cawangan Taman Universiti
|
| 999 |
|
|
|a 0001446443
|b Book
|c Children Collection
|e Cawangan Taman Universiti
|
| 999 |
|
|
|a 0001448025
|b Book
|c Children Collection
|e Perbadanan Perpustakaan Awam Johor
|
| 999 |
|
|
|a 0001448027
|b Book
|c Children Collection
|e Cawangan AEON Kulaijaya
|
| 999 |
|
|
|a 0001448028
|b Book
|c Children Collection
|e Cawangan Urban Transformation Centre
|
| 999 |
|
|
|a 001446440
|b Book
|c Children Collection
|e Cawangan Taman Universiti
|